000 00725nam a2200193 a 4500
999 _c7188
_d7188
020 _a0697076393
022 _a9780697076397
050 0 0 _aPN4121
_b.S779
100 1 _aSproule, J. Michael,
245 1 0 _aSpeechmaking :
_ban introduction to rhetorical competence /
_cJ. Michael Sproule.
260 _aDubuque, Iowa :
_bWm. C. Brown,
_cc1991.
300 _axxii, 490 p. :
_bill. ;
_c25 cm.
500 _aIncludes Index
505 _aPart I. Getting Started Part II. Building Blocks of Speechmaking Part III.Arranging the Materials Part IV. The Speech as Presented Part V. Kinds of Speeches
650 0 _aPublic speaking.
650 0 _aretorika -- ókortól napjainkig
650 0 _anyilvános beszéd
942 _cBK